|
|
|
|
| LEADER |
00000cam a2200000 7i4500 |
| 001 |
0000006424 |
| 005 |
20151222.0 |
| 008 |
070816 |
| 020 |
|
|
|a 9676107328
|
| 090 |
0 |
0 |
|a JF
|b HEA MAL (4984)
|
| 100 |
0 |
|
|a Rahimah Abdul Kadir
|
| 245 |
1 |
0 |
|a Ubat dan dadah
|c Rahimah Abdul Kadir
|
| 260 |
|
|
|a Kuala Lumpur :
|b Utusan Publications & Distributors ,
|c 1997
|
| 440 |
|
|
|a Sihat cerdas
|
| 500 |
|
|
|a Children ages 7-9 years old (orange)
|
| 650 |
|
0 |
|a Food
|x Juvenile literature
|
| 650 |
|
0 |
|a Snack food
|x Juvenile literature
|
| 700 |
1 |
|
|a Judul
|
| 999 |
|
|
|a 0000796020
|b Book
|c Children Collection
|e Cawangan Segamat
|
| 999 |
|
|
|a 0000984806
|b Book
|c Children Collection
|e Perbadanan Perpustakaan Awam Johor
|
| 999 |
|
|
|a 0000984807
|b Book
|c Children Collection
|e Perbadanan Perpustakaan Awam Johor
|
| 999 |
|
|
|a 0000984808
|b Book
|c Children Collection
|e Cawangan Taman Universiti
|
| 999 |
|
|
|a 0000984809
|b Book
|c Children Collection
|e Cawangan Bandar Tenggara
|
| 999 |
|
|
|a 0000984810
|b Book
|c Children Collection
|e Perbadanan Perpustakaan Awam Johor
|
| 999 |
|
|
|a 0000990007
|b Book
|c Children Collection
|e Cawangan Bandar Tenggara
|